| Поле | Инд. | ПП | Название | Значение |
|---|---|---|---|---|
| Тип записи | a | |||
| Библиографический уровень | m | |||
| 001 | Контрольный номер | RU/IS/BASE/307539856 | ||
| 005 | Дата корректировки | 20140703180741.8 | ||
| 020 | a | ISBN | 5-209-00847-9 | |
| 040 | a | Служба первич. каталог. | НБ ТвГУ | |
| b | Код языка каталог. | rus | ||
| e | Правила каталог. | PSBO | ||
| 041 | 0_ | a | Код языка текста | rus |
| 080 | a | Индекс УДК | 517.95(075.8) | |
| 084 | a | Индекс другой классификации/Индекс ББК | В161.62я73-1 | |
| 090 | a | Полочн. индекс | В161.6 | |
| x | Авторский знак | М 31 | ||
| 100 | 1_ | a | Автор | Масленникова Вера Николаевна |
| q | Полное имя | Масленникова В. Н. | ||
| 245 | 10 | a | Заглавие | Дифференциальные уравнения в частных производных |
| b | Продолж. заглавия | учебник для студентов вузов, обучающихся по направлениям "Математика", "Прикладная математика и информатика", "Математика, прикладная математика", специальностям "Математика", "Прикладная математика" | ||
| 260 | a | Место издания | Москва | |
| b | Издательство | Российский университет дружбы народов | ||
| c | Дата издания | 1997 | ||
| 300 | a | Объем | 445 с. | |
| b | Иллюстрации/ тип воспроизводства | ил. | ||
| 504 | a | Библиография | Библиогр.: с. 438-440. - Предм. указ.: с. 441-445 | |
| 650 | a | Основная рубрика | Математический анализ | |
| 650 | 14 | a | Основная рубрика | Дифференциальные уравнения с частными производными |
| x | Основная подрубрика | Учебники для вузов | ||
| 653 | a | Ключевые слова | Дифференциальные уравнения с частными производными | |
| a | Ключевые слова | Математика | ||
| a | Ключевые слова | Математический анализ | ||
| 920 | a | Оператор | Густ | |
| 930 | a | Новая/Ретро | учебники | |
| 952 | c | Вид литературы | К ру | |
| 954 | a | Дата поступления на обработку | 20091026 |